Globalization and new regionalism in South Asia (Record no. 850)

000 -LEADER
fixed length control field 00643nam a22002174a 4500
001 - CONTROL NUMBER
control field 850
003 - CONTROL NUMBER IDENTIFIER
control field BD-DhUET
008 - FIXED-LENGTH DATA ELEMENTS--GENERAL INFORMATION
fixed length control field 100320s2010 bg a g b 001 0 eng d
020 ## - INTERNATIONAL STANDARD BOOK NUMBER
International Standard Book Number 9847001900110
040 ## - CATALOGING SOURCE
Original cataloging agency DKAGE
Language of cataloging eng
Transcribing agency DKAGE
Modifying agency BD-DhUET
082 04 - DEWEY DECIMAL CLASSIFICATION NUMBER
Classification number 307.120954
Item number DEL/2010
100 ## - MAIN ENTRY--PERSONAL NAME
Personal name Delwar Hossain
245 10 - TITLE STATEMENT
Title Globalization and new regionalism in South Asia
Remainder of title issues and dynamics
250 ## - EDITION STATEMENT
Edition statement 1st ed.
260 ## - PUBLICATION, DISTRIBUTION, ETC. (IMPRINT)
Place of publication, distribution, etc. Dhaka
Name of publisher, distributor, etc. A H Development Pub. House
Date of publication, distribution, etc. 2010
300 ## - PHYSICAL DESCRIPTION
Extent xx, 428 p.
Other physical details ill.
Dimensions 22 cm.
504 ## - BIBLIOGRAPHY, ETC. NOTE
Bibliography, etc Includes bibliographies
650 #0 - SUBJECT ADDED ENTRY--TOPICAL TERM
Topical term or geographic name as entry element Regional planning
Geographic subdivision South Asia
650 #0 - SUBJECT ADDED ENTRY--TOPICAL TERM
Topical term or geographic name as entry element Globalization
Geographic subdivision South Asia
942 ## - ADDED ENTRY ELEMENTS (KOHA)
Koha item type General Book
Holdings
Copy number Koha item type Koha full call number Piece designation (barcode) Shelving location Koha date last seen Source of classification or shelving scheme Not for loan Sublocation or collection (holding branch) Damaged status Location (home branch) Withdrawn status Koha normalized classification for sorting Date acquired Lost status Price effective from
1General Book307.120954/DEL/2010110094Circulation section2014-08-24  Central Library, BUET Central Library, BUET 307_120954000000000_DEL_20102014-08-24 2014-08-24
2General Book307.120954/DEL/2010110093Reference section2015-09-02  Central Library, BUET Central Library, BUET 307_120954000000000_DEL_20102015-09-02 2015-09-02